The management guide to running meetings

Bibliographic Details
Main Author: Keenan, Kate
Format: Book
Published: Kuala Lumpur : Golden Books Centre , 1996
Series:Management guide series
Subjects:

MARC

LEADER 00000cam a2200000 7i4500
001 0000003366
005 20050824.0
020 0 0 |a 9837202718 
090 0 0 |a 658.456   |b KEE 
100 1 0 |a Keenan, Kate 
245 1 0 |a The management guide to running meetings   |c Kate Keenan 
260 0 0 |a Kuala Lumpur :   |b Golden Books Centre ,   |c 1996 
300 |a 61p. ;   |c 18cm. 
440 0 0 |a Management guide series 
650 0 0 |a Management 
650 0 0 |a Meetings 
999 |a 0000006303   |b Monograph   |c Open Shelf   |e Default branch